• AIU
  • Tony Wilmot Memorial Library

Prepare the soil before sowing = (Lingala) Mark 4: 1-20 : (Record no. 18688)

MARC details
000 -LEADER
fixed length control field 00421nam a22001451a 4500
003 - CONTROL NUMBER IDENTIFIER
control field NEGST
005 - DATE AND TIME OF LATEST TRANSACTION
control field 20110718123943.0
008 - FIXED-LENGTH DATA ELEMENTS--GENERAL INFORMATION
fixed length control field 040608s 001 0 eng d
245 00 - TITLE STATEMENT
Title Prepare the soil before sowing = (Lingala) Mark 4: 1-20 :
Remainder of title 26 lessons for winning people for Jesus.
260 ## - PUBLICATION, DISTRIBUTION, ETC. (IMPRINT)
Place of publication, distribution, etc [S.l.] :
Name of publisher, distributor, etc [s.n.]
300 ## - PHYSICAL DESCRIPTION
Extent 78p.
590 ## - LOCAL NOTE (RLIN)
Local note Accession number: 31064
630 00 - SUBJECT ADDED ENTRY--UNIFORM TITLE
Uniform title Bible. N.T. Mark.
Holdings
Withdrawn status Lost status Source of classification or shelving scheme Damaged status Not for loan Collection code Home library Current library Shelving location Date acquired Source of acquisition Cost, normal purchase price Total Checkouts Full call number Barcode Date last seen Copy number Price effective from Koha item type
    Library of Congress Classification     General Circulation AIU/NEGST - Tony Wilmot Memorial Library AIU/NEGST - Tony Wilmot Memorial Library General Stacks 08/18/2009 D. 8.00   BS 2585.2.P74 R09341F3232 09/26/2019 1 08/18/2009 Books